| 000 | 00665nam a2200217 a 4500 | ||
|---|---|---|---|
| 005 | 20140414093840.0 | ||
| 008 | 071002s19uu xx 00 eng d | ||
| 050 |
_aDVD 940 _bNAZ 2004 |
||
| 245 |
_aThe Nazis : _ba warning from history. Volume 1 / _cnarrated by Samuel West. |
||
| 260 |
_aUnited Kingdom : _bBBC Worldwide, _cc2004. |
||
| 300 | _a1 DVD | ||
| 440 | _aBBC History of the World War II | ||
| 520 | _aContents--Helped into power--Chaos and consent. | ||
| 650 | _aWorld War II. | ||
| 650 | _aInternational Baccalaureate. | ||
| 650 | _aNazis. | ||
| 650 | _aDocumentary films. | ||
| 650 | _aDocumentary films. | ||
| 942 | _cAVM | ||
| 999 |
_c109254 _d109254 |
||